| 000 | 00379nam a22001457a 4500 | ||
|---|---|---|---|
| 999 |
_c9007 _d9007 |
||
| 003 | OSt | ||
| 008 | 200715b ||||| |||| 00| 0 eng d | ||
| 100 | _aDeshpande,Shilpa A & Vyawahare | ||
| 245 | _aPractical book of Human Anatomy & Physiology | ||
| 250 | _a2019 | ||
| 260 |
_aNew Delhi _bNirali |
||
| 300 | _aPg-80 | ||
| 650 | _aHuman Anatomy and Physiology | ||
| 942 |
_2ddc _cBK _01 |
||